000
00246nam a2200109Ia 4500
008
190914s9999||||xx |||||||||||||| ||und||
100
_a
Harold Lorin
245
0
_a
Doing IT Right
260
_a
London
_b
Addison
_c
2000
300
_a
241
942
_c
BK
999
_c
8480
_d
8480